| 000 | 00619nam a2200181 a 4500 | ||
|---|---|---|---|
| 005 | 20140414132104.0 | ||
| 008 | 100731s19uu xx 00 eng d | ||
| 020 | _a0-375-81100-1 | ||
| 050 |
_aTR 611 _bR11 2003 |
||
| 100 | _aRabe, Tish | ||
| 245 |
_aInside your outside / _cby Tish Rabe ; illustrated by Aristides Ruiz. |
||
| 260 |
_aNew York : _bRandom House, _c2003. |
||
| 440 | _aThe Cat in the Hat's learning library | ||
| 520 | _aThe Cat in the Hat takes Sally and Dick on a trip in his Inside-Your-Outside Machine | ||
| 650 |
_aHuman anatomy _xJuvenile literature |
||
| 650 | _aBody, Human | ||
| 999 |
_c114540 _d114540 |
||